| 000 | 01278cam a2200325 a 4500 | ||
|---|---|---|---|
| 001 | 15226905 | ||
| 003 | PILC | ||
| 005 | 20150917100626.0 | ||
| 008 | 080320s2008 nyu c 000 1 eng | ||
| 010 | _a 2008004447 | ||
| 020 | _a9780316006804 | ||
| 040 |
_aDLC _cDLC _dDLC |
||
| 050 | 0 | 0 |
_aPZ 7 _b.H318 2008 |
| 082 | 0 | 0 | _a[Fic] |
| 100 | 1 | _aHarrison, Lisi. | |
| 245 | 1 | 0 |
_aBratfest at Tiffany's : _ba clique novel / _cby Lisi Harrison. |
| 250 | _a1st edition. | ||
| 260 |
_aNew York : _bLittle, Brown, _c2008. |
||
| 300 |
_a227 pages ; _c20 cm. |
||
| 500 | _a"Poppy." | ||
| 520 | _aWhen male students from Briarwood join the all-girl Octavian Country Day at the beginning of eighth grade, Massie makes a rule that none of the girls on the Pretty Committee can have anything to do with them, trying to protect the girls' social status. | ||
| 650 | 1 |
_aMiddle schools _vFiction. |
|
| 650 | 1 |
_aSchools _vFiction. |
|
| 650 | 1 |
_aCliques (Sociology) _vFiction. |
|
| 650 | 1 |
_aInterpersonal relations _vFiction. |
|
| 651 | 1 |
_aWestchester County (N.Y.) _vFiction. |
|
| 906 |
_a7 _bcbc _corignew _d1 _eecip _f20 _gy-gencatlg |
||
| 942 |
_2lcc _cBK _kFOR |
||
| 999 |
_c288686 _d288686 |
||